000 00577cam a22001814a 4500
005 20250605164245.0
008 250528s ||||||||||||||||||||||||d
035 _a21465
040 _aGR-AtMCL
_bgre
_dGR-AtMCL
_eAACR2
245 1 _aΕΞΕΛΙΚΤΙΚΗ ΨΥΧΟΛΟΓΙΑ ΤΟΜΟΣ 2 / Η ΨΥΧΙΚΗ ΖΩΗ ΑΠΟ ΤΗ ΣΥΛΛΗΨΗ ΩΣ ΤΗΝ ΕΝΗΛΙΚΙΩΣΗ
250 _a1
260 _bΑυτοεκδοση,
_c1985
300 _a175
700 1 _aΠαρασκευοπουλος Ιωαννης Ν
_92858
942 _cBK
999 _c6527
_d6527